000 01540nam a22001577a 4500
999 _c521906
_d521906
008 230302b ||||| |||| 00| 0 eng d
100 _aHodgkinson, Ian R.
_937834
245 _aService outsourcing, pricing, and the engagement of citizen groups
260 _aLocal Government Studies
300 _a48(3), Jun, 2022: p.514-533
520 _aTo shed new light on the contested impact of service outsourcing, the study examines whether service outsourcing is associated with higher cost of entry and if higher pricing impacts service engagement among citizen groups. To this end, the study draws on secondary objective data to capture different ownership types in local authorities community sport provision (public, non-profit, private), the cost of access (£) to use community sport facilities, and the level of service engagement with the service among different citizen groups. The exploratory model draws on analysis of variance with a post-hoc test to examine if significant differences exist between ownership types on pricing and engagement. The empirical observations reveal that service outsourcing is associated with significantly higher pricing relative to traditional local government provision, but no significant differences are found in the levels of engagement among citizen groups between the three ownership types. – Reproduced
650 _aPricing, Citizen groups, Outsourcing, Stakeholders, Ownership, Community sport.
_936282
773 _aLocal Government Studies
906 _aLOCAL GOVERNMENT
942 _cAR